| 000 | 01475nam a2200421 4500 | ||
|---|---|---|---|
| 001 | 11071 | ||
| 003 | BD-RjUL | ||
| 005 | 20211208235050.0 | ||
| 008 | 140126s1974 gw a b 001 0 eng | ||
| 020 | _a0387068252 | ||
| 020 | _a0412135604 : | ||
| 020 | _a3540068252 | ||
| 035 | _a(OCoLC)ocm00948125 | ||
| 035 | _a(BD-RjUL)11120 | ||
| 035 | _a(NNC)2829288 | ||
| 040 |
_aDLC _cDLC _dUKM _dBD-RjUL _beng |
||
| 041 | _aeng | ||
| 060 |
_aW1 MO195t no. 18 _aQU58 K412i |
||
| 082 |
_a572.84 _bKEI 1974 _223 |
||
| 100 | 1 |
_aKersten, Helga, _d1926- _934214 |
|
| 245 | 1 | 0 |
_aInhibitors of nucleic acid synthesis : _bbiophysical and biochemical aspects / _c Helga Kersten [and] Walter Kersten. |
| 260 |
_aNew York : _bSpringer-Verlag, _c1974. |
||
| 300 |
_aix, 184 p. : _bill. ; _c25 cm. |
||
| 490 | 1 |
_aMolecular biology, biochemistry, and biophysics ; _v18 |
|
| 504 | _aIncludes Bibliography | ||
| 650 | 0 |
_aNucleic acids _xSynthesis. _934215 |
|
| 650 | 0 |
_aAntimetabolites. _934216 |
|
| 650 | 0 |
_aAntibiotics. _933524 |
|
| 650 | 2 |
_aAnti-Bacterial Agents _xpharmacology. _934217 |
|
| 650 | 2 |
_aNucleic Acids _xantagonists & inhibitors. _934218 |
|
| 650 | 2 |
_aNucleic Acids _xbiosynthesis. _934219 |
|
| 653 |
_aOrganisms _aNucleic acids _aBiosynthesis _aEffects of antibiotics |
||
| 700 | 1 |
_aKersten, Walter, _d1926-2011, _eauthor. _934221 |
|
| 830 | 0 |
_v18. _9216470 |
|
| 830 | 0 |
_aMolecular biology, biochemistry, and biophysics ; _9214807 |
|
| 942 |
_2ddc _cBK |
||
| 999 |
_c11071 _d11071 |
||